| 000 | 00707nam a2200205 i 4500 | ||
|---|---|---|---|
| 001 | 155974 | ||
| 003 | ES-MaACL | ||
| 005 | 20250901034336.0 | ||
| 008 | 190204s1965 sp |||| | spa d | ||
| 100 | 0 |
_aMeister, Albert. _979856 |
|
| 245 | 1 | 0 |
_aSocialismo y autogestión _b: (la experiencia yugoslava) / _cAlbert Meister ; versión... Algel Abad. |
| 260 |
_aBarcelona : _bNova Terra, _c1965. |
||
| 300 |
_a405 p. ; _c21 cm. |
||
| 490 | 1 |
_aColección "El Mundo y los hombres" ; _v11 |
|
| 650 |
_aAutogestión- _zYugoslavia. _910432 |
||
| 700 | 1 |
_aAbad, Ángel _917894 |
|
| 830 | 0 | 0 |
_aColección el mundo y los hombres _v11 _9187821 |
| 852 |
_aES-MaACL _jP-437-bis-9 |
||
| 999 |
_c155974 _d155974 |
||